| 000 | 00493nam a2200205Ia 4500 | ||
|---|---|---|---|
| 003 | OSt | ||
| 005 | 20220625102731.0 | ||
| 008 | 210210b1994 xxu||||| |||| 00| 0 eng d | ||
| 040 | _cAL | ||
| 041 | _aeng | ||
| 082 | _a621.3815 BASD | ||
| 100 |
_aBASAVARAJ (B) _945164 |
||
| 245 | _aDigital electronics | ||
| 260 |
_aBangalore _bOmkar publications _c1994 |
||
| 300 | _a488 | ||
| 690 |
_aDigital Electronics _945165 |
||
| 700 |
_aPRASAD (A S). _945166 |
||
| 906 | _a048759 | ||
| 942 |
_2ddc _cBK |
||
| 999 |
_c97629 _d97629 |
||